• 首页
  • 本馆介绍
  • 公告通知
  • 最新文献
  • 馆藏检索
  • 电子资源
  • 读者导购
  • 参考咨询
  • 我的图书馆
  • 登录
  • 详细信息显示
  • 放入我的书架
  • 预约/预借图书
  • 作者相关作品
  • 分类相关作品
  • 丛书相关作品
  • 出版社相关作品

书目信息

  • 表格格式
  • 工作单格式
  • 卡片格式
题名:
林业无人机遥感
    
 
作者: 张超 , 杨思林 主编
分册:  
出版信息: 北京   中国林业出版社  2022.01
页数: 187页
开本: 26cm
丛书名: 高等农林院校“3S”技术系列教材
单 册:
中图分类: S771.8
科图分类:
主题词: 无人驾驶飞机--wu ren jia shi fei ji--应用--森林遥感--高等教育--教材
电子资源:
ISBN: 978-7-5219-1478-8
000 01465nam 2200289 450
001 CAL 0120227361664
005 20230217093112.0
010    @a978-7-5219-1478-8@dCNY45.00
100    @a20220314d2022 em y0chiy0120 ea
101 0  @achi
102    @aCN@b110000
105    @aa z 000yy
106    @ar
200 1  @a林业无人机遥感@Alin ye wu ren ji yao gan@d= UAV remote sensing in forestry@f张超, 杨思林主编@zeng
210    @a北京@c中国林业出版社@d2022.01
215    @a187页@c图@d26cm
225 2  @a高等农林院校“3S”技术系列教材@Agao deng nong lin yuan xiao “3S” ji shu xi lie jiao cai
330    @a本书分为上、中、下三篇。上篇从无人机的基础知识、法律监管、多旋翼无人机的驾驶与维护、林业多旋翼无人机的航测技术、无人机影像的预处理技术共5个方面介绍了林业无人机遥感的基础理论 ; 中篇从冠幅、树高、蓄积量、树种共4个方面, 结合具体案例, 介绍了基于无人机遥感的森林信息提取技术 ; 下篇从多旋翼无人机驾驶、林业航测、地面标准地调查、影像预处理、森林信息提取等角度设计了10个实践操作练习, 同时结合习题集使读者系统掌握多旋翼无人机的理论和实践知识。
333    @a国家林业和草原局普通高等教育“十四五”规划教材
410  0 @12001 @a高等农林院校“3S”技术系列教材
510 1  @aUAV remote sensing in forestry@zeng
606 0  @a无人驾驶飞机@Awu ren jia shi fei ji@x应用@x森林遥感@x高等教育@j教材
690    @aS771.8@v5
701  0 @a张超@Azhang chao@4主编
701  0 @a杨思林@Ayang si lin@4主编
801  0 @aCN@bBJXHZP@c20230228
905    @b1385521-2@dS771.8@e168@f2
    
    林业无人机遥感= UAV remote sensing in forestry/张超, 杨思林主编.-北京:中国林业出版社,2022.01
    187页:图;26cm.-(高等农林院校“3S”技术系列教材)
    使用对象:国家林业和草原局普通高等教育“十四五”规划教材
    
    ISBN 978-7-5219-1478-8:CNY45.00
    本书分为上、中、下三篇。上篇从无人机的基础知识、法律监管、多旋翼无人机的驾驶与维护、林业多旋翼无人机的航测技术、无人机影像的预处理技术共5个方面介绍了林业无人机遥感的基础理论 ; 中篇从冠幅、树高、蓄积量、树种共4个方面, 结合具体案例, 介绍了基于无人机遥感的森林信息提取技术 ; 下篇从多旋翼无人机驾驶、林业航测、地面标准地调查、影像预处理、森林信息提取等角度设计了10个实践操作练习, 同时结合习题集使读者系统掌握多旋翼无人机的理论和实践知识。
●
相关链接 在E读中查询图书 在五车中查询图书 在当当中查询图书 在豆瓣中查询图书


正题名:林业无人机遥感     索取号:S771.8/168         预约/预借

序号 登录号 条形码 馆藏地/架位号 状态 备注
1 1385521   213855210   第二样本阅览室/ [索取号:S771.8/168] 在馆    
2 1385522   213855229   第三借阅区/ [索取号:S771.8/168] 在馆    
唐山师范学院图书馆 欢迎您!
大连网信软件有限公司© 版权所有